[Event "SUI-ch op"]
[Site "Flims"]
[Date "2016.07.13"]
[Round "7"]
[White "Vulevic, Vjekoslav"]
[Black "Cesareo, Fabio"]
[Result "1-0"]
[WhiteElo "2270"]
[BlackElo "2146"]
[PlyCount "113"]
[EventDate "2016.07.08"]
[EventType "swiss"]
[EventRounds "9"]
[EventCountry "SUI"]
[SourceTitle "CBM 173 Extra"]
[Source "ChessBase"]
[SourceDate "2016.08.29"]
[SourceVersion "1"]
[SourceVersionDate "2016.08.29"]
[SourceQuality "1"]

1. Nf3 Nf6 2. d4 g6 3. g3 Bg7 4. Bg2 0-0 5. 0-0 d5 6. c3 c6 7. Nbd2 Bf5 8. a4 Ne4 9. Nxe4 Bxe4 10. a5 Nd7 11. Qb3 Bxf3 12. exf3 b5 13. axb6 axb6 14. Rb1 e6 15. f4 b5 16. g4 Qc7 17. Rd1 Nf6 18. h3 h5 19. f3 Rfe8 20. Qc2 Bf8 21. f5 exf5 22. gxf5 Qg3 23. fxg6 Re1+ 24. Rxe1 Qxe1+ 25. Bf1 Qg3+ 26. Qg2 Qxg2+ 27. Kxg2 fxg6 28. Bd3 Kf7 29. h4 Ne8 30. Kh3 Nd6 31. Bf4 Be7 32. Rg1 Nf5 33. Bxf5 gxf5 34. Be5 Bf6 35. Bxf6 Kxf6 36. Rg5 b4 37. Rxh5 Kg6 38. Rg5+ Kf6 39. cxb4 Rb8 40. Rg2 Rxb4 41. Rd2 Kg6 42. Kg3 Rc4 43. Kf4 Kf6 44. h5 c5 45. h6 cxd4 46. Rh2 Rc8 47. h7 Rh8 48. b4 Kg7 49. b5 d3 50. Ke3 Re8+ 51. Kxd3 Kh8 52. Kd4 Re1 53. Rb2 Rd1+ 54. Ke5 d4 55. b6 d3 56. b7 Re1+ 57. Kf6 1-0

[Event "SUI-ch op"]
[Site "Flims"]
[Date "2016.07.12"]
[Round "6"]
[White "Cesareo, Fabio"]
[Black "Hugentobler, Patrick"]
[Result "1/2-1/2"]
[WhiteElo "2146"]
[BlackElo "2205"]
[PlyCount "59"]
[EventDate "2016.07.08"]
[EventType "swiss"]
[EventRounds "9"]
[EventCountry "SUI"]
[SourceTitle "CBM 173 Extra"]
[Source "ChessBase"]
[SourceDate "2016.08.29"]
[SourceVersion "1"]
[SourceVersionDate "2016.08.29"]
[SourceQuality "1"]

1. Nf3 Nf6 2. g3 g6 3. Bg2 Bg7 4. 0-0 0-0 5. d4 d5 6. c4 dxc4 7. Na3 c3 8. bxc3 c5 9. e3 Nc6 10. Bb2 Nd5 11. Qe2 Nb6 12. Rac1 Qd5 13. c4 Qh5 14. dxc5 Bxb2 15. Qxb2 Na4 16. Qb5 Nxc5 17. Nc2 a6 18. Qb6 Na4 19. Qb3 Qa5 20. Ncd4 Nc5 21. Nxc6 Nxb3 22. Nxa5 Nxa5 23. Nd4 Bd7 24. Nb3 Nxb3 25. axb3 Rab8 26. Ra1 Rfc8 27. Rfd1 Bc6 28. Rd4 Bxg2 29. Kxg2 Kf8 30. Rad1 1/2-1/2

[Event "Bois Gentil op"]
[Site "Geneve"]
[Date "2016.03.11"]
[Round "7"]
[White "Cesareo, Fabio"]
[Black "Hariz, Haissam"]
[Result "1-0"]
[WhiteElo "2145"]
[BlackElo "1941"]
[PlyCount "41"]
[EventDate "2016.01.15"]
[EventType "swiss"]
[EventRounds "7"]
[EventCountry "SUI"]
[SourceTitle "EXT 2017"]
[Source "ChessBase"]
[SourceDate "2016.10.25"]
[SourceVersion "1"]
[SourceVersionDate "2016.10.25"]
[SourceQuality "1"]

1. Nf3 d5 2. g3 g6 3. Bg2 Bg7 4. d4 Nf6 5. 0-0 0-0 6. c4 c6 7. cxd5 cxd5 8. Ne5 Qb6 9. Nc3 Be6 10. Na4 Qb4 11. a3 Qb5 12. Nc5 Bf5 13. a4 Qb4 14. b3 Ne4 15. Ba3 Qb6 16. Nxe4 Bxe4 17. Bxe7 Bxg2 18. Kxg2 Re8 19. Bc5 Qe6 20. Nf3 Qxe2 21. Re1 1-0

[Event "Bois Gentil op"]
[Site "Geneve"]
[Date "2016.02.12"]
[Round "5"]
[White "Vernay, Clovis"]
[Black "Cesareo, Fabio"]
[Result "1-0"]
[WhiteElo "2477"]
[BlackElo "2145"]
[PlyCount "73"]
[EventDate "2016.01.15"]
[EventType "swiss"]
[EventRounds "7"]
[EventCountry "SUI"]
[SourceTitle "EXT 2017"]
[Source "ChessBase"]
[SourceDate "2016.10.25"]
[SourceVersion "1"]
[SourceVersionDate "2016.10.25"]
[SourceQuality "1"]

1. d4 Nf6 2. c4 g6 3. Nc3 d5 4. Bg5 Ne4 5. Bf4 Nxc3 6. bxc3 Bg7 7. Nf3 0-0 8. e3 c6 9. Qb3 b6 10. Qa3 Be6 11. Ng5 Qd7 12. Nxe6 fxe6 13. Rd1 c5 14. Bg3 Qc6 15. Qb3 cxd4 16. cxd4 Nd7 17. cxd5 exd5 18. Bb5 Qe6 19. 0-0 Nf6 20. Rc1 Rac8 21. Qa4 Rxc1 22. Rxc1 Ne4 23. Bd7 Qf7 24. Rc6 Kh8 25. Be6 Qe8 26. Qc2 Nxg3 27. hxg3 Qd8 28. g4 b5 29. g3 Bh6 30. Kg2 Kg7 31. f4 Kh8 32. g5 Bg7 33. Qc3 h6 34. gxh6 Bxh6 35. g4 g5 36. fxg5 Bg7 37. Qe1 1-0

[Event "Bois Gentil op"]
[Site "Geneve"]
[Date "2014.02.07"]
[Round "5"]
[White "Le Bourhis, Gael"]
[Black "Cesareo, Fabio"]
[Result "1/2-1/2"]
[WhiteElo "2153"]
[BlackElo "2132"]
[PlyCount "96"]
[EventDate "2014.01.10"]
[EventType "swiss"]
[EventRounds "7"]
[EventCountry "SUI"]
[SourceTitle "CBM 158 Extra"]
[Source "ChessBase"]
[SourceDate "2014.02.28"]
[SourceVersion "1"]
[SourceVersionDate "2014.02.28"]
[SourceQuality "1"]

1. d4 Nf6 2. Nc3 d5 3. Bg5 e6 4. e4 dxe4 5. Nxe4 Be7 6. Bxf6 Bxf6 7. Nf3 Nc6 8. c3 0-0 9. Bd3 h6 10. Qe2 Be7 11. 0-0-0 a5 12. h4 a4 13. g4 Na5 14. g5 f5 15. gxf6 Bxf6 16. Kb1 c6 17. Nc5 Qd5 18. c4 Qh5 19. Nxe6 Re8 20. d5 cxd5 21. cxd5 Nc6 22. Qe4 Bxe6 23. dxe6 Kf8 24. Rhe1 Rad8 25. Qf5 Qxf5 26. Bxf5 Nd4 27. Nxd4 Rxd4 28. Rxd4 Bxd4 29. Re4 Bf6 30. Rxa4 Rd8 31. Kc2 Rd5 32. Bg6 Re5 33. Re4 Rxe4 34. Bxe4 Bxh4 35. f4 b6 36. Kd3 Ke7 37. f5 Bf6 38. b3 g6 39. fxg6 Kxe6 40. Kc4 h5 41. Kb5 Bd4 42. b4 Kf6 43. a4 h4 44. a5 bxa5 45. bxa5 h3 46. Kc6 h2 47. a6 h1Q 48. Bxh1 Kxg6 1/2-1/2

[Event "SUI-chT"]
[Site "Switzerland"]
[Date "2000.??.??"]
[Round "?"]
[White "Atlas, Valeri"]
[Black "Cesareo, Fabio"]
[Result "1-0"]
[WhiteElo "2472"]
[BlackElo "2156"]
[PlyCount "111"]
[EventDate "2000.02.??"]
[EventType "team-tourn"]
[EventRounds "9"]
[EventCountry "SUI"]
[SourceTitle "EXT 2001"]
[Source "ChessBase"]
[SourceDate "2000.11.22"]
[SourceVersion "1"]
[SourceVersionDate "2000.11.22"]
[SourceQuality "1"]

1. e4 c5 2. Nf3 d6 3. d4 cxd4 4. Nxd4 Nf6 5. Nc3 a6 6. g3 e6 7. Bg2 Be7 8. 0-0 0-0 9. a4 Qc7 10. Be3 Nbd7 11. Qe2 Ne5 12. Rad1 Bd7 13. Bc1 Rac8 14. Kh1 Nc4 15. b3 Ne3 16. Qxe3 Qxc3 17. Qxc3 Rxc3 18. Bb2 Rc7 19. c4 e5 20. Nf5 Bxf5 21. exf5 Rb8 22. Ba3 Ne8 23. Rd5 b5 24. cxb5 Nf6 25. Rdd1 axb5 26. Bxd6 Bxd6 27. Rxd6 bxa4 28. bxa4 Rc4 29. Ra1 e4 30. a5 Kf8 31. a6 Ra8 32. Kg1 Ra7 33. h3 Ke7 34. Rd2 h5 35. Rb2 Kd6 36. Rb6+ Kc7 37. Rab1 Rc1+ 38. Bf1 Rxb1 39. Rxb1 Nd7 40. Rc1+ Kd6 41. Bb5 Nc5 42. Kf1 Nb3 43. Rc6+ Kd5 44. f6 gxf6 45. Rxf6 Nd4 46. Be2 Ke5 47. Rb6 Nxe2 48. Kxe2 f5 49. Rb5+ Kd4 50. Ra5 h4 51. gxh4 f4 52. h5 f3+ 53. Kd2 e3+ 54. fxe3+ Ke4 55. Ra4+ Kf5 56. Ke1 1-0

[Event "SUI-chT"]
[Site "Switzerland"]
[Date "2000.??.??"]
[Round "?"]
[White "Gruenenwald, Joerg"]
[Black "Cesareo, Fabio"]
[Result "1-0"]
[WhiteElo "2362"]
[BlackElo "2156"]
[PlyCount "55"]
[EventDate "2000.02.??"]
[EventType "team-tourn"]
[EventRounds "9"]
[EventCountry "SUI"]
[SourceTitle "EXT 2001"]
[Source "ChessBase"]
[SourceDate "2000.11.22"]
[SourceVersion "1"]
[SourceVersionDate "2000.11.22"]
[SourceQuality "1"]

1. d4 Nf6 2. c4 g6 3. f3 d5 4. cxd5 Nxd5 5. e4 Nb6 6. Nc3 Bg7 7. Be3 0-0 8. Qd2 e5 9. d5 f5 10. 0-0-0 a5 11. h4 a4 12. a3 N8d7 13. h5 f4 14. Bf2 Qe7 15. d6 cxd6 16. hxg6 hxg6 17. Nd5 Qd8 18. Nxb6 Nxb6 19. Qxd6 Qxd6 20. Rxd6 Nd7 21. Bc4+ Rf7 22. Rxg6 Nf8 23. Rb6 Be6 24. Bxe6 Nxe6 25. Rxe6 Rc8+ 26. Kb1 Rd7 27. Nh3 b5 28. Rb6 1-0

[Event "SUI-chT"]
[Site "Switzerland"]
[Date "2000.??.??"]
[Round "?"]
[White "Papa, Severin"]
[Black "Cesareo, Fabio"]
[Result "1/2-1/2"]
[WhiteElo "2115"]
[BlackElo "2156"]
[PlyCount "84"]
[EventDate "2000.02.??"]
[EventType "team-tourn"]
[EventRounds "9"]
[EventCountry "SUI"]
[SourceTitle "EXT 2001"]
[Source "ChessBase"]
[SourceDate "2000.11.22"]
[SourceVersion "1"]
[SourceVersionDate "2000.11.22"]
[SourceQuality "1"]

1. d4 Nf6 2. c4 g6 3. Nc3 d5 4. Nf3 Bg7 5. e3 0-0 6. Qb3 e6 7. Bd2 Nc6 8. cxd5 exd5 9. Bd3 Ne7 10. 0-0 c6 11. Qa3 Bf5 12. Be2 Ne4 13. b4 Bg4 14. Rfd1 Qd6 15. Qb3 a6 16. Na4 Nc8 17. Nc5 b6 18. Nd3 b5 19. h3 Bxf3 20. Bxf3 Ng5 21. Be2 Nb6 22. Nc5 Qe7 23. a4 Ne6 24. Nxe6 Qxe6 25. axb5 axb5 26. Ra5 Rfe8 27. Bd3 Bf8 28. Rda1 Bd6 29. Rxa8 Rxa8 30. Rxa8+ Nxa8 31. e4 Nc7 32. e5 Bf8 33. f4 Qe7 34. Qc2 Qd7 35. f5 Na6 36. fxg6 hxg6 37. Bxg6 fxg6 38. Qxg6+ Qg7 39. Qe6+ Qf7 40. Qg4+ Qg7 41. Qe6+ Kh7 42. Qf5+ Kg8 1/2-1/2

[Event "Geneve op"]
[Site "Geneve"]
[Date "1999.01.29"]
[Round "7"]
[White "Barle, Janez"]
[Black "Cesareo, Fabio"]
[Result "1-0"]
[WhiteElo "2384"]
[BlackElo "2124"]
[PlyCount "93"]
[EventDate "1999.01.23"]
[EventType "swiss"]
[EventRounds "7"]
[EventCountry "SUI"]
[SourceTitle "CBM 068 Extra"]
[Source "ChessBase"]
[SourceDate "1999.03.01"]
[SourceVersion "1"]
[SourceVersionDate "1999.03.01"]
[SourceQuality "1"]

1. e4 c5 2. Nf3 d6 3. Bc4 e6 4. 0-0 Nf6 5. d3 Be7 6. c3 d5 7. exd5 Nxd5 8. d4 cxd4 9. cxd4 0-0 10. Nc3 Nc6 11. Re1 Bf6 12. Ne4 h6 13. a3 Nce7 14. Qd3 Bd7 15. Bd2 Bc6 16. b4 Ng6 17. b5 Ndf4 18. Qe3 Bxe4 19. Qxe4 Rc8 20. Rac1 Nd5 21. g3 Qd7 22. h4 Nb6 23. Bd3 Qd5 24. Bb4 Rfd8 25. Bc5 Nf8 26. Qe2 Qd7 27. Be4 Na4 28. Bb4 Nb6 29. Rc5 Na4 30. Rxc8 Rxc8 31. Qd2 Nb6 32. Bc5 Nd5 33. a4 b6 34. Ba3 Qd8 35. Rc1 Nd7 36. Rc2 Rxc2 37. Qxc2 Nb8 38. Qc4 g6 39. Ne5 Nc7 40. Kg2 Kg7 41. Qb4 Nd5 42. Qd6 Nc3 43. Bb7 Qe8 44. Qc7 Nd5 45. Bxd5 exd5 46. Bd6 Nd7 47. Qxd7 1-0

[Event "SUI-chT"]
[Site "Switzerland"]
[Date "1999.??.??"]
[Round "8.6"]
[White "Sedina, Elena"]
[Black "Cesareo, Fabio"]
[Result "1/2-1/2"]
[WhiteElo "2374"]
[BlackElo "2124"]
[PlyCount "80"]
[EventDate "1999.01.??"]
[EventType "team-tourn"]
[EventRounds "9"]
[EventCountry "SUI"]
[SourceTitle "EXT 2001"]
[Source "ChessBase"]
[SourceDate "2000.11.22"]
[SourceVersion "1"]
[SourceVersionDate "2000.11.22"]
[SourceQuality "1"]

1. e4 c5 2. Nf3 d6 3. c3 Nf6 4. Bc4 Nc6 5. Qe2 Bg4 6. h3 Bxf3 7. Qxf3 a6 8. Bb3 Rc8 9. d3 e6 10. 0-0 Be7 11. Bf4 0-0 12. Nd2 b5 13. Qe2 Nd7 14. Nf3 e5 15. Be3 Bf6 16. Rfd1 Qe7 17. a3 Nb6 18. Ba2 Rfd8 19. b4 Rb8 20. Rac1 a5 21. d4 exd4 22. cxd4 c4 23. d5 Ne5 24. Nd4 axb4 25. axb4 Nd3 26. Rxd3 cxd3 27. Qxd3 Bxd4 28. Bxd4 Rdc8 29. Rc6 Nc4 30. Bxc4 Rxc6 31. dxc6 bxc4 32. Qxc4 Qxe4 33. b5 Rc8 34. Qc3 Qb1+ 35. Kh2 Qxb5 36. Bxg7 Qxc6 37. Qg3 Qc2 38. Bf6+ Qg6 39. Qxd6 Qf5 40. Bd4 Re8 1/2-1/2

[Event "Geneve op"]
[Site "Geneve"]
[Date "1997.??.??"]
[Round "5"]
[White "Cesareo, Fabio"]
[Black "Hobuss, Wolfgang"]
[Result "1/2-1/2"]
[WhiteElo "2095"]
[BlackElo "2155"]
[PlyCount "140"]
[EventDate "1997.01.??"]
[EventType "swiss"]
[EventRounds "9"]
[EventCountry "SUI"]
[SourceTitle "EXT 1998"]
[Source "ChessBase"]
[SourceDate "1997.11.17"]
[SourceVersion "1"]
[SourceVersionDate "1997.11.17"]
[SourceQuality "1"]

1. e4 c5 2. Nf3 d6 3. c3 Nf6 4. h3 Nc6 5. Bd3 e5 6. Bc2 d5 7. exd5 Qxd5 8. Qe2 Be6 9. d3 0-0-0 10. 0-0 Bf5 11. Rd1 h6 12. Na3 g5 13. g4 Bg6 14. Nc4 Re8 15. Bb3 Qd8 16. Ba4 Nd5 17. Bxc6 bxc6 18. Qc2 Qc7 19. Qa4 f6 20. Be3 h5 21. Qa6+ Kd7 22. Ncd2 hxg4 23. hxg4 Nxe3 24. fxe3 Ke7 25. Qc4 Qd7 26. Nf1 Qd5 27. Qxd5 cxd5 28. Ng3 Ke6 29. e4 Be7 30. c4 d4 31. Kf2 Rb8 32. b3 Rh7 33. Rh1 Rbh8 34. Rxh7 Rxh7 35. Rb1 Bf8 36. Kg2 Rb7 37. Kf2 Rh7 38. Rh1 Rxh1 39. Nxh1 Kd6 40. Ke2 Bf7 41. Nf2 Be6 42. Kd2 Kc6 43. Ne1 Be7 44. Nc2 Kb6 45. a3 Ka5 46. Ke2 Bd7 47. Kf3 Bf8 48. Nh1 Be8 49. Ng3 Bd7 50. Nf5 Be8 51. Ke2 Bd7 52. Kd2 Be6 53. Ne1 Kb6 54. Kc2 Kc6 55. Kd2 Bd7 56. Nf3 Be6 57. Nh2 Kd7 58. Ke2 Ke8 59. Kf3 Kf7 60. Nf1 Bd7 61. N1g3 Be6 62. Ne2 Ke8 63. Nc1 Kd8 64. Na2 Bd7 65. Ng3 Kc7 66. Nh5 Be7 67. Nc1 Kd6 68. Ne2 Ke6 69. Neg3 Be8 70. Nf5 Kf7 1/2-1/2

[Event "Geneve op"]
[Site "Geneve"]
[Date "1997.??.??"]
[Round "2"]
[White "Palat, Andre"]
[Black "Cesareo, Fabio"]
[Result "1-0"]
[WhiteElo "2275"]
[BlackElo "2095"]
[PlyCount "63"]
[EventDate "1997.01.??"]
[EventType "swiss"]
[EventRounds "9"]
[EventCountry "SUI"]
[SourceTitle "EXT 1998"]
[Source "ChessBase"]
[SourceDate "1997.11.17"]
[SourceVersion "1"]
[SourceVersionDate "1997.11.17"]
[SourceQuality "1"]

1. d4 Nf6 2. Nf3 g6 3. Bg5 Bg7 4. e3 c6 5. c4 Ne4 6. Bf4 Qa5+ 7. Nbd2 g5 8. b4 Qxb4 9. Nxg5 Nxg5 10. Bxg5 Qa5 11. Bf4 d6 12. Be2 Nd7 13. 0-0 Nf6 14. c5 dxc5 15. Nb3 Qd8 16. Nxc5 Nd5 17. Bg3 Nc3 18. Qc2 Nxe2+ 19. Qxe2 h5 20. h4 Bf6 21. Ne4 e6 22. Nxf6+ Qxf6 23. Be5 Qh6 24. Bxh8 Qxh8 25. Rac1 Bd7 26. Rc5 f5 27. Rb1 0-0-0 28. Qb2 b6 29. Ra5 Rg8 30. Rxa7 b5 31. Qa3 Qg7 32. Ra8+ 1-0

[Event "Geneve op"]
[Site "Geneve"]
[Date "1996.??.??"]
[Round "1"]
[White "Cesareo, Fabio"]
[Black "Landenbergue, Claude"]
[Result "0-1"]
[WhiteElo "2085"]
[BlackElo "2430"]
[PlyCount "58"]
[EventDate "1996.01.??"]
[EventType "swiss"]
[EventRounds "9"]
[EventCountry "SUI"]
[SourceTitle "CBM 051 Extra"]
[Source "ChessBase"]
[SourceDate "1996.05.01"]
[SourceVersion "1"]
[SourceVersionDate "1996.05.01"]
[SourceQuality "1"]

1. c4 e5 2. Nc3 Nc6 3. Nf3 f5 4. d3 Bb4 5. Bd2 Nf6 6. Nd5 Bxd2+ 7. Qxd2 d6 8. g3 Nxd5 9. cxd5 Ne7 10. e4 0-0 11. Bg2 c6 12. dxc6 Nxc6 13. 0-0 f4 14. d4 fxg3 15. hxg3 Bg4 16. Nh2 Bh5 17. dxe5 dxe5 18. Qe3 Nd4 19. g4 Bg6 20. Nf3 Nxf3+ 21. Bxf3 Rf4 22. Rfe1 Qh4 23. Rac1 Raf8 24. Qb3+ Bf7 25. Qd3 Be6 26. Re3 Bxg4 27. Rc3 Bxf3 28. Qd5+ Kh8 29. Rxf3 Rxf3 0-1

[Event "Geneve op"]
[Site "Geneve"]
[Date "1996.??.??"]
[Round "3"]
[White "Cesareo, Fabio"]
[Black "Sudan, Georges"]
[Result "1-0"]
[WhiteElo "2085"]
[BlackElo "2045"]
[PlyCount "65"]
[EventDate "1996.01.??"]
[EventType "swiss"]
[EventRounds "9"]
[EventCountry "SUI"]
[SourceTitle "CBM 051 Extra"]
[Source "ChessBase"]
[SourceDate "1996.05.01"]
[SourceVersion "1"]
[SourceVersionDate "1996.05.01"]
[SourceQuality "1"]

1. Nf3 Nf6 2. c4 g6 3. Nc3 d5 4. cxd5 Nxd5 5. Qa4+ c6 6. Qd4 Nf6 7. Qxd8+ Kxd8 8. e4 Bg7 9. d4 h6 10. Bc4 e6 11. b3 Nbd7 12. Ba3 b5 13. Bd3 a5 14. Bd6 Bf8 15. Be5 Bb4 16. Rc1 Re8 17. Bxf6+ Nxf6 18. Ne5 Rf8 19. Nxc6+ Kd7 20. Bxb5 Bxc3+ 21. Rxc3 Nxe4 22. Ne5+ Kd6 23. Rc6+ Kd5 24. Bc4+ Kxd4 25. Nf3+ Kc3 26. 0-0 Kb4 27. Bd3 Nf6 28. Nd4 Ka3 29. Nb5+ Kb4 30. a3+ Kxb3 31. Rb1+ Ka2 32. Nc3+ Kxa3 33. Rcb6 1-0

[Event "Geneve op"]
[Site "Geneve"]
[Date "1996.??.??"]
[Round "2"]
[White "Masserey, Yvan"]
[Black "Cesareo, Fabio"]
[Result "1-0"]
[WhiteElo "2290"]
[BlackElo "2085"]
[PlyCount "77"]
[EventDate "1996.01.??"]
[EventType "swiss"]
[EventRounds "9"]
[EventCountry "SUI"]
[SourceTitle "CBM 051 Extra"]
[Source "ChessBase"]
[SourceDate "1996.05.01"]
[SourceVersion "1"]
[SourceVersionDate "1996.05.01"]
[SourceQuality "1"]

1. e4 c5 2. Nf3 d6 3. d4 cxd4 4. Nxd4 Nf6 5. Nc3 a6 6. Be2 e5 7. Nb3 Be6 8. Be3 Nbd7 9. 0-0 Rc8 10. f4 Qc7 11. Rc1 Be7 12. Nd5 Bxd5 13. exd5 0-0 14. c4 Qb8 15. Kh1 b5 16. Na5 Rfe8 17. Nc6 Qb7 18. cxb5 axb5 19. Bxb5 Bf8 20. a4 exf4 21. Bxf4 Re4 22. Bg5 h6 23. Bxf6 Nxf6 24. Qd3 Rg4 25. Ba6 Qxb2 26. Rc2 Rb8 27. Rxb2 Rxb2 28. Qf3 Rxa4 29. Bd3 Rg4 30. g3 Rg5 31. Bc4 Kh8 32. Qc3 Rb7 33. Qa5 Rb2 34. Qd8 Nh7 35. Rxf7 Kg8 36. Qe8 Rb1+ 37. Kg2 Rb2+ 38. Kg1 Rb1+ 39. Bf1 1-0

[Event "Geneve op"]
[Site "Geneve"]
[Date "1995.??.??"]
[Round "5"]
[White "Cesareo, Fabio"]
[Black "Caruso, Daniele"]
[Result "0-1"]
[WhiteElo "2075"]
[BlackElo "2080"]
[PlyCount "60"]
[EventDate "1995.??.??"]
[EventType "swiss"]
[EventRounds "9"]
[EventCountry "SUI"]
[SourceTitle "CBM 046 Extra"]
[Source "ChessBase"]
[SourceDate "1995.07.01"]
[SourceVersion "1"]
[SourceVersionDate "1995.07.01"]
[SourceQuality "1"]

1. Nf3 Nf6 2. g3 g6 3. Bg2 Bg7 4. 0-0 0-0 5. c4 d6 6. Nc3 Nbd7 7. d4 e5 8. Bg5 h6 9. Bxf6 Bxf6 10. dxe5 dxe5 11. Qc1 Bg7 12. Rd1 c6 13. Rb1 a5 14. Ne4 Qc7 15. Nfd2 f5 16. Nc3 Nc5 17. Qc2 Be6 18. Na4 Nxa4 19. Qxa4 b5 20. cxb5 cxb5 21. Qxb5 Rab8 22. Qa4 Rb4 23. Qa3 Qb6 24. b3 e4 25. e3 Rd8 26. Bf1 Kh7 27. Nc4 Bxc4 28. Bxc4 Rc8 29. Qc1 a4 30. Bg8+ Rxg8 0-1

[Event "Geneve op"]
[Site "Geneve"]
[Date "1995.??.??"]
[Round "6"]
[White "Cesareo, Fabio"]
[Black "Jagstaidt, Patrick"]
[Result "1-0"]
[WhiteElo "2075"]
[BlackElo "2170"]
[PlyCount "73"]
[EventDate "1995.??.??"]
[EventType "swiss"]
[EventRounds "9"]
[EventCountry "SUI"]
[SourceTitle "CBM 046 Extra"]
[Source "ChessBase"]
[SourceDate "1995.07.01"]
[SourceVersion "1"]
[SourceVersionDate "1995.07.01"]
[SourceQuality "1"]

1. Nf3 Nf6 2. g3 g6 3. Bg2 Bg7 4. c4 d6 5. 0-0 0-0 6. Nc3 e5 7. d3 Nc6 8. Rb1 a5 9. Bd2 h6 10. Nd5 Be6 11. Ne1 Kh7 12. Nc2 Qd7 13. Nce3 Ne8 14. b4 axb4 15. Nxb4 Nxb4 16. Rxb4 c6 17. Qb1 Ra7 18. Nc2 d5 19. cxd5 cxd5 20. a3 Nd6 21. f4 Bh3 22. Bxh3 Qxh3 23. fxe5 Bxe5 24. Rh4 Qe6 25. Bxh6 Ra4 26. Rxa4 Kxh6 27. Rh4+ Kg7 28. Qb6 g5 29. Rb4 Rh8 30. Qf2 Bc3 31. Rb6 f6 32. Nd4 Qe5 33. e3 Kg6 34. Nb5 Nxb5 35. Rxb5 Qe6 36. d4 b6 37. Qc2+ 1-0